All About Me - Statistics

General Stats
  • This quiz has been taken 4 times
  • The average score is 11 of 15
Answer Stats
Hint Answer % Correct
how many siblings do I have 1
100%
how many years have I been dancing 16
100%
how many pets do I have 2
100%
how many exes do I have 7
100%
my favorite subject math
100%
what color did I dye my hair first pink
100%
my favorite color red
100%
what is the name of my wife addie
50%
my favorite kpop group ateez
50%
my favorite meal at the moment grilled cheese
50%
what is the name of my duet called like a bridge over troubled water
50%
favorite flavor of Celsius peach mango green tea
50%
online name I went by for years raine
50%
my birthday September 14
50%
favorite movie everything everywhere all at once
0%
No matching quizzes found
Score Distribution
Percent of People with Each Score
Percentile by Number Answered
Your Score History
You have not taken this quiz